Analitičeskije vyčislenija v sisteme REDUCE Spravočnoje posoboje

Gespeichert in:
Bibliographische Detailangaben
Format: Buch
Sprache:Russisch
Veröffentlicht: Minsk Nauka i technika 1989
Ausgabe:1. izd.
Tags: Tag hinzufügen
Keine Tags, Fügen Sie das erste Tag hinzu!

MARC

LEADER 00000nam a2200000 4500
001 c025760
005 20260202075947.6
041 0 |a rus 
044 |a BY 
245 1 0 |a Analitičeskije vyčislenija v sisteme REDUCE  |b Spravočnoje posoboje  |c Nikolaj Ivanovič Gurin, Aleksandr Gennad'jevič Skomorochov 
250 |a 1. izd. 
264 1 |a Minsk  |b Nauka i technika  |c 1989 
300 |a 118 s.